000 00298nam a2200133Ia 4500
008 240624s9999 xx 000 0 und d
041 _aeng
082 _a659.1 IGN
100 _aIGNOU
245 _aCASE STUDIES 6
260 _c2006
_aNew Delhi
_bIGNOU
300 _a30 : p. : cm. ; 26
365 _cRS
999 _c6992
_d6992